000 00495nam a2200181Ia 4500
003 GCL
008 140319s9999 xx 000 0 eng d
040 _aGCL /
_cGCL
082 0 4 _a658.4
_bB M
100 1 _aMAHON, JOHN F.
245 1 0 _aMANAGAEMENT: FUNCTIONS AND RESPONSIBILITIES /
_cMAHON, JOHN F.
700 1 _aPOST, JAMES, E.
700 1 _aBAIRD, LIOYD S
260 _a[S.N] :
_bHARPER COLLINS COLLEGE PUBLISBERS ،
_c1990
300 _a724 P
650 0 4 _aMANAGEMENT
942 _2ddc
_cBK
999 _c18165
_d18165